[Event "FIDE World Cup 2025"]
[Site "Goa, India"]
[Date "2025.11.03"]
[Round "5.6"]
[White "Aronyak, Ghosh"]
[Black "Bartel, Mateusz"]
[Result "1-0"]
[TimeControl ": 90 minutes for the first 40 moves, followed by 30 minutes for the rest of the gamewith an increment of 30 seconds per move starting from move 1"]
[WhiteFideId "25072846"]
[BlackFideId "1112635"]
[WhiteElo "2514"]
[BlackElo "2575"]

1. d4 {[%clk 00:10:18]} {[%emt 00:00:01]} Nf6 {[%clk 00:10:19]} 2. Nf3 {[%clk
00:10:27]} {[%emt 00:00:02]} e6 {[%clk 00:10:28]} {[%emt 00:00:01]} 3. Bf4
{[%clk 00:10:34]} {[%emt 00:00:03]} b6 {[%clk 00:10:36]} 4. e3 {[%clk
00:10:42]} {[%emt 00:00:02]} Bb7 {[%clk 00:10:45]} {[%emt 00:00:02]} 5. Bd3
{[%clk 00:10:51]} Nh5 {[%clk 00:10:46]} {[%emt 00:00:09]} 6. Bg5 {[%clk
00:10:08]} {[%emt 00:00:52]} Be7 {[%clk 00:10:54]} {[%emt 00:00:02]} 7. Bxe7
{[%clk 00:10:14]} {[%emt 00:00:04]} Qxe7 {[%clk 00:11:02]} {[%emt 00:00:02]} 8.
O-O {[%clk 00:10:22]} {[%emt 00:00:02]} f5 {[%clk 00:11:05]} {[%emt 00:00:07]}
9. c4 {[%clk 00:10:25]} {[%emt 00:00:07]} O-O {[%clk 00:10:19]} {[%emt
00:00:55]} 10. Nc3 {[%clk 00:10:32]} {[%emt 00:00:04]} Nf6 {[%clk 00:10:21]}
{[%emt 00:00:08]} 11. Rc1 {[%clk 00:08:59]} {[%emt 00:01:43]} Nc6 {[%clk
00:08:02]} {[%emt 00:02:29]} 12. d5 {[%clk 00:08:27]} {[%emt 00:00:42]} Nb4
{[%clk 00:08:10]} {[%emt 00:00:03]} 13. Bb1 {[%clk 00:08:19]} {[%emt 00:00:18]}
a5 {[%clk 00:08:08]} {[%emt 00:00:11]} 14. Re1 {[%clk 00:07:50]} {[%emt
00:00:39]} exd5 {[%clk 00:06:22]} {[%emt 00:01:56]} 15. a3 {[%clk 00:07:36]}
{[%emt 00:00:25]} Na6 {[%clk 00:06:28]} {[%emt 00:00:03]} 16. Nxd5 {[%clk
00:06:33]} {[%emt 00:01:13]} Nxd5 {[%clk 00:06:08]} {[%emt 00:00:30]} 17. cxd5
{[%clk 00:06:41]} {[%emt 00:00:02]} Qf6 {[%clk 00:05:02]} {[%emt 00:01:16]} 18.
Qd2 {[%clk 00:03:12]} {[%emt 00:03:39]} Nc5 {[%clk 00:04:36]} {[%emt 00:00:37]}
19. Nd4 {[%clk 00:03:20]} {[%emt 00:00:02]} Bxd5 {[%clk 00:03:36]} {[%emt
00:01:10]} 20. b4 {[%clk 00:03:28]} {[%emt 00:00:02]} axb4 {[%clk 00:03:16]}
{[%emt 00:00:29]} 21. axb4 {[%clk 00:03:37]} {[%emt 00:00:02]} Ne6 {[%clk
00:03:24]} {[%emt 00:00:01]} 22. Nxf5 {[%clk 00:03:22]} {[%emt 00:00:25]} Bc6
{[%clk 00:03:00]} {[%emt 00:00:34]} 23. e4 {[%clk 00:03:30]} {[%emt 00:00:03]}
Kh8 {[%clk 00:02:22]} {[%emt 00:00:48]} 24. f3 {[%clk 00:03:18]} {[%emt
00:00:21]} Qe5 {[%clk 00:02:15]} {[%emt 00:00:17]} 25. Red1 {[%clk 00:02:43]}
{[%emt 00:00:46]} g6 {[%clk 00:02:05]} {[%emt 00:00:20]} 26. Ne7 {[%clk
00:02:38]} {[%emt 00:00:15]} Ba4 {[%clk 00:01:58]} {[%emt 00:00:17]} 27. Bc2
{[%clk 00:02:25]} {[%emt 00:00:22]} Bxc2 {[%clk 00:01:37]} {[%emt 00:00:31]} 28.
Rxc2 {[%clk 00:02:31]} {[%emt 00:00:05]} c5 {[%clk 00:01:08]} {[%emt 00:00:39]}
29. bxc5 {[%clk 00:02:18]} {[%emt 00:00:23]} bxc5 {[%clk 00:01:16]} {[%emt
00:00:02]} 30. Qh6 {[%clk 00:02:03]} {[%emt 00:00:25]} Qf6 {[%clk 00:00:23]}
{[%emt 00:01:03]} 31. Rxd7 {[%clk 00:02:11]} {[%emt 00:00:02]} Ng5 {[%clk
00:00:24]} {[%emt 00:00:09]} 32. h4 {[%clk 00:01:15]} {[%emt 00:01:06]} Ra1+
{[%clk 00:00:16]} {[%emt 00:00:17]} 33. Kf2 {[%clk 00:01:24]} Ne6 {[%clk
00:00:24]} {[%emt 00:00:03]} 34. Ng8 {[%clk 00:00:58]} {[%emt 00:00:36]} Qf7
{[%clk 00:00:18]} {[%emt 00:00:17]} 35. Rxf7 {[%clk 00:01:05]} {[%emt
00:00:02]} Rxf7 {[%clk 00:00:27]} 36. h5 {[%clk 00:00:57]} {[%emt 00:00:18]}
Kxg8 {[%clk 00:00:28]} {[%emt 00:00:08]} 37. hxg6 {[%clk 00:01:05]} {[%emt
00:00:02]} hxg6 {[%clk 00:00:36]} {[%emt 00:00:02]} 38. Qxg6+ {[%clk 00:01:14]}
Ng7 {[%clk 00:00:44]} {[%emt 00:00:03]} 39. Rxc5 {[%clk 00:01:16]} {[%emt
00:00:08]} Ra8 {[%clk 00:00:51]} {[%emt 00:00:02]} 40. Rd5 {[%clk 00:01:17]}
{[%emt 00:00:09]} Re8 {[%clk 00:01:00]} {[%emt 00:00:01]} 41. Kg1 {[%clk
00:01:22]} {[%emt 00:00:05]} Ref8 {[%clk 00:01:05]} {[%emt 00:00:05]} 42. Qg4
{[%clk 00:01:22]} {[%emt 00:00:10]} Re8 {[%clk 00:01:14]} 43. Rd7 {[%clk
00:01:29]} {[%emt 00:00:03]} Ree7 {[%clk 00:01:12]} {[%emt 00:00:12]} 44. Rxe7
Rxe7 {[%clk 00:01:22]} 45. Qc8+ {[%clk 00:01:38]} {[%emt 00:00:05]} Kf7 {[%clk
00:01:31]} 46. Qc4+ {[%clk 00:01:46]} {[%emt 00:00:02]} Kf6 {[%clk 00:01:40]}
{[%emt 00:00:01]} 47. Qd4+ {[%clk 00:01:53]} {[%emt 00:00:03]} Kg6 {[%clk
00:01:49]} {[%emt 00:00:01]} 48. f4 {[%clk 00:01:59]} {[%emt 00:00:04]} Kf7
{[%clk 00:01:52]} {[%emt 00:00:07]} 49. Qd5+ {[%clk 00:01:50]} {[%emt
00:00:18]} Kf6 {[%clk 00:01:59]} {[%emt 00:00:02]} 50. Qd4+ {[%clk 00:01:49]}
{[%emt 00:00:12]} Kf7 {[%clk 00:02:08]} 51. f5 {[%clk 00:01:56]} {[%emt
00:00:02]} Nh5 {[%clk 00:02:11]} {[%emt 00:00:08]} 52. Qd5+ {[%clk 00:02:01]}
{[%emt 00:00:04]} Kf8 {[%clk 00:02:19]} {[%emt 00:00:03]} 53. e5 {[%clk
00:02:02]} {[%emt 00:00:09]} Ng3 {[%clk 00:02:26]} {[%emt 00:00:02]} 54. Qd8+
{[%clk 00:01:56]} {[%emt 00:00:16]} 1-0


[ePGN "0.1;DGT LiveChess/2.2.6"]

[Event "FIDE World Cup 2025"]
[Site "Goa, India"]
[Date "2025.11.03"]
[Round "6.1"]
[White "Yuffa, Daniil"]
[Black "Thavandiran, Shiyam"]
[Result "1/2-1/2"]
[TimeControl ": 90 minutes for the first 40 moves, followed by 30 minutes for the rest of the gamewith an increment of 30 seconds per move starting from move 1"]
[WhiteFideId "24131423"]
[BlackFideId "2605058"]
[WhiteElo "2621"]
[BlackElo "2402"]

1. c4 {[%clk 00:10:18]} {[%emt 00:00:02]} e6 {[%clk 00:10:19]} {[%emt
00:00:02]} 2. g3 {[%emt 00:00:05]} d5 {[%clk 00:10:26]} 3. Bg2 {[%clk
00:10:35]} {[%emt 00:00:01]} Nf6 {[%clk 00:10:34]} {[%emt 00:00:02]} 4. Nf3
{[%clk 00:10:42]} {[%emt 00:00:02]} Bd6 {[%clk 00:10:31]} {[%emt 00:00:13]} 5.
O-O {[%clk 00:10:41]} {[%emt 00:00:12]} O-O {[%clk 00:10:38]} {[%emt 00:00:02]}
6. b3 {[%clk 00:10:37]} {[%emt 00:00:15]} b6 {[%clk 00:09:24]} {[%emt
00:01:27]} 7. cxd5 {[%clk 00:10:38]} {[%emt 00:00:05]} exd5 {[%clk 00:09:32]}
{[%emt 00:00:03]} 8. Bb2 {[%clk 00:09:59]} {[%emt 00:00:52]} Re8 {[%clk
00:09:16]} {[%emt 00:00:22]} 9. Nc3 {[%clk 00:09:44]} {[%emt 00:00:26]} Bb7
{[%clk 00:09:06]} {[%emt 00:00:19]} 10. Nb5 {[%clk 00:09:32]} {[%emt 00:00:29]}
Be7 {[%clk 00:08:00]} {[%emt 00:01:09]} 11. Be5 {[%clk 00:09:16]} {[%emt
00:00:26]} Na6 {[%clk 00:08:04]} {[%emt 00:00:07]} 12. Rc1 {[%clk 00:09:01]}
{[%emt 00:00:26]} c6 {[%clk 00:08:05]} {[%emt 00:00:08]} 13. Nbd4 {[%clk
00:08:35]} {[%emt 00:00:36]} Ba3 {[%clk 00:07:04]} {[%emt 00:01:10]} 14. Nxc6
{[%clk 00:06:28]} {[%emt 00:02:25]} Qd7 {[%clk 00:07:10]} 15. Bxf6 {[%clk
00:06:16]} {[%emt 00:00:19]} Bxc1 {[%clk 00:07:16]} {[%emt 00:00:04]} 16. Nce5
{[%clk 00:05:15]} {[%emt 00:01:12]} Qd6 {[%clk 00:06:49]} {[%emt 00:00:34]} 17.
Qxc1 {[%clk 00:04:41]} {[%emt 00:00:50]} Rac8 {[%clk 00:06:29]} {[%emt
00:00:26]} 18. Qb1 {[%clk 00:04:24]} {[%emt 00:00:28]} Qxf6 {[%clk 00:06:36]}
{[%emt 00:00:03]} 19. d4 {[%clk 00:04:33]} {[%emt 00:00:01]} Nc7 {[%clk
00:05:58]} {[%emt 00:00:52]} 20. Bh3 {[%clk 00:04:32]} {[%emt 00:00:06]} Ne6
{[%clk 00:06:02]} {[%emt 00:00:06]} 21. e3 {[%clk 00:04:10]} {[%emt 00:00:32]}
Ba6 {[%clk 00:05:34]} {[%emt 00:00:39]} 22. Re1 {[%clk 00:04:18]} {[%emt
00:00:02]} Rc7 {[%clk 00:05:40]} {[%emt 00:00:03]} 23. b4 {[%emt 00:00:25]} Bb5
{[%clk 00:05:25]} {[%emt 00:00:22]} 24. a4 {[%clk 00:03:26]} {[%emt 00:00:51]}
Bc4 {[%clk 00:05:27]} {[%emt 00:00:08]} 25. b5 {[%clk 00:03:20]} {[%emt
00:00:17]} g6 {[%clk 00:05:23]} {[%emt 00:00:12]} 26. Nd2 {[%clk 00:03:01]}
{[%emt 00:00:30]} Qe7 {[%clk 00:05:00]} {[%emt 00:00:33]} 27. Qb2 {[%clk
00:02:46]} {[%emt 00:00:27]} Qd6 {[%clk 00:02:59]} {[%emt 00:02:08]} 28. Bg2
{[%clk 00:02:35]} {[%emt 00:00:21]} f6 {[%clk 00:02:01]} {[%emt 00:01:08]} 29.
Nexc4 {[%clk 00:01:58]} {[%emt 00:00:47]} dxc4 {[%clk 00:02:09]} {[%emt
00:00:02]} 30. Bc6 {[%clk 00:01:40]} {[%emt 00:00:31]} Rxc6 {[%clk 00:01:58]}
{[%emt 00:00:19]} 31. bxc6 {[%clk 00:00:58]} {[%emt 00:00:52]} Nxd4 {[%clk
00:02:03]} {[%emt 00:00:03]} 32. Qc3 {[%clk 00:00:53]} {[%emt 00:00:15]} Nxc6
{[%clk 00:02:03]} {[%emt 00:00:10]} 33. Qxc4+ {[%clk 00:00:35]} {[%emt
00:00:29]} Kg7 {[%clk 00:02:06]} {[%emt 00:00:07]} 34. Nf3 {[%clk 00:00:41]}
{[%emt 00:00:05]} Ne5 {[%clk 00:02:10]} {[%emt 00:00:05]} 35. Nxe5 {[%clk
00:00:48]} {[%emt 00:00:04]} Rxe5 {[%clk 00:02:15]} {[%emt 00:00:04]} 36. Qb3
{[%clk 00:00:43]} {[%emt 00:00:16]} Qd5 {[%clk 00:02:12]} {[%emt 00:00:16]} 37.
Qc3 {[%clk 00:00:40]} {[%emt 00:00:12]} Qc5 {[%clk 00:02:06]} {[%emt 00:00:13]}
38. Qb3 {[%clk 00:00:48]} {[%emt 00:00:03]} Qd5 {[%clk 00:02:14]} {[%emt
00:00:03]} 39. Qc3 {[%clk 00:00:46]} {[%emt 00:00:12]} Qc5 {[%clk 00:02:22]} 40.
Qb3 {[%clk 00:00:54]} {[%emt 00:00:03]} 1/2-1/2

[Event "FIDE World Cup 2025"]
[Site "Goa, India"]
[Date "2025.11.03"]
[Round "6.2"]
[White "Adly, Ahmed"]
[Black "Grigoryan, Karen H."]
[Result "1/2-1/2"]
[TimeControl ": 90 minutes for the first 40 moves, followed by 30 minutes for the rest of the gamewith an increment of 30 seconds per move starting from move 1"]
[WhiteFideId "10601619"]
[BlackFideId "13301004"]
[WhiteElo "2589"]
[BlackElo "2481"]

1. d4 {[%clk 00:10:18]} {[%emt 00:00:02]} Nf6 {[%clk 00:10:19]} 2. Nf3 {[%clk
00:10:26]} {[%emt 00:00:02]} g6 {[%clk 00:10:27]} {[%emt 00:00:01]} 3. c4
{[%clk 00:10:35]} {[%emt 00:00:02]} Bg7 {[%clk 00:10:35]} {[%emt 00:00:01]} 4.
g3 {[%clk 00:10:44]} O-O {[%clk 00:10:43]} {[%emt 00:00:02]} 5. Bg2 {[%clk
00:10:53]} {[%emt 00:00:01]} d6 {[%clk 00:10:35]} {[%emt 00:00:18]} 6. O-O
{[%clk 00:11:01]} {[%emt 00:00:02]} Nbd7 {[%clk 00:10:37]} {[%emt 00:00:08]} 7.
Nc3 {[%clk 00:11:10]} {[%emt 00:00:03]} e5 {[%clk 00:10:45]} 8. h3 {[%clk
00:11:16]} {[%emt 00:00:03]} c6 {[%clk 00:10:52]} {[%emt 00:00:02]} 9. e4
{[%clk 00:11:25]} {[%emt 00:00:02]} Re8 {[%clk 00:10:52]} {[%emt 00:00:10]} 10.
Be3 {[%clk 00:11:21]} {[%emt 00:00:13]} Qe7 {[%clk 00:10:51]} {[%emt 00:00:11]}
11. d5 {[%clk 00:11:21]} {[%emt 00:00:10]} c5 {[%clk 00:10:58]} {[%emt
00:00:04]} 12. a3 {[%clk 00:11:14]} {[%emt 00:00:16]} b6 {[%clk 00:11:05]}
{[%emt 00:00:03]} 13. b4 {[%clk 00:11:16]} {[%emt 00:00:09]} Nf8 {[%clk
00:11:08]} {[%emt 00:00:06]} 14. Qe2 {[%clk 00:10:45]} {[%emt 00:00:42]} Nh5
{[%clk 00:10:56]} {[%emt 00:00:21]} 15. Rfb1 {[%clk 00:10:08]} {[%emt
00:00:49]} f5 {[%clk 00:10:49]} {[%emt 00:00:16]} 16. Bc1 {[%clk 00:09:49]}
{[%emt 00:00:30]} f4 {[%clk 00:10:52]} {[%emt 00:00:07]} 17. g4 {[%clk
00:09:37]} {[%emt 00:00:22]} Nf6 {[%clk 00:10:59]} 18. a4 {[%clk 00:09:47]}
{[%emt 00:00:02]} Nxg4 {[%clk 00:09:05]} {[%emt 00:02:03]} 19. hxg4 {[%clk
00:09:22]} {[%emt 00:00:35]} Bxg4 {[%clk 00:09:13]} 20. Qf1 {[%clk 00:09:31]}
{[%emt 00:00:02]} g5 {[%clk 00:08:58]} {[%emt 00:00:25]} 21. Nh2 {[%clk
00:09:34]} {[%emt 00:00:07]} Bd7 {[%clk 00:09:00]} {[%emt 00:00:08]} 22. Bh3
{[%clk 00:09:28]} {[%emt 00:00:15]} h5 {[%clk 00:09:08]} {[%emt 00:00:02]} 23.
f3 {[%clk 00:09:33]} {[%emt 00:00:06]} Ng6 {[%clk 00:09:05]} {[%emt 00:00:13]}
24. bxc5 {[%clk 00:09:30]} {[%emt 00:00:13]} dxc5 {[%clk 00:08:54]} {[%emt
00:00:21]} 25. Ra2 {[%clk 00:08:36]} {[%emt 00:01:05]} g4 {[%clk 00:08:41]}
{[%emt 00:00:21]} 26. fxg4 {[%clk 00:08:43]} {[%emt 00:00:03]} Qh4 {[%clk
00:08:50]} {[%emt 00:00:02]} 27. Qf3 {[%clk 00:05:57]} {[%emt 00:02:56]} Qe1+
{[%clk 00:08:27]} {[%emt 00:00:33]} 28. Bf1 {[%clk 00:06:06]} {[%emt 00:00:01]}
Nh4 {[%clk 00:08:19]} {[%emt 00:00:18]} 29. Qh3 {[%clk 00:05:30]} {[%emt
00:00:46]} Qg3+ {[%clk 00:08:20]} {[%emt 00:00:08]} 30. Qxg3 {[%clk 00:04:44]}
{[%emt 00:00:57]} fxg3 {[%clk 00:08:28]} {[%emt 00:00:02]} 31. gxh5 {[%clk
00:04:53]} Rf8 {[%clk 00:08:15]} {[%emt 00:00:22]} 32. Bg2 {[%clk 00:04:52]}
{[%emt 00:00:10]} gxh2+ {[%clk 00:08:12]} {[%emt 00:00:14]} 33. Kxh2 {[%clk
00:05:00]} {[%emt 00:00:01]} Kh7 {[%clk 00:07:53]} {[%emt 00:00:29]} 34. a5
{[%clk 00:04:42]} {[%emt 00:00:29]} Nxg2 {[%clk 00:07:24]} {[%emt 00:00:38]} 35.
Rxg2 {[%clk 00:04:32]} {[%emt 00:00:19]} Rf3 {[%clk 00:07:06]} {[%emt
00:00:28]} 36. Bd2 {[%clk 00:04:24]} {[%emt 00:00:19]} Rh3+ {[%clk 00:07:15]}
37. Kg1 {[%clk 00:04:33]} {[%emt 00:00:01]} Rxh5 {[%clk 00:07:23]} {[%emt
00:00:02]} 38. axb6 {[%clk 00:04:39]} {[%emt 00:00:04]} axb6 {[%clk 00:07:32]}
39. Rxb6 {[%clk 00:04:44]} {[%emt 00:00:05]} Bh3 {[%clk 00:07:01]} {[%emt
00:00:40]} 40. Rg3 {[%clk 00:04:27]} {[%emt 00:00:27]} Ra7 {[%clk 00:06:34]}
{[%emt 00:00:37]} 41. Be3 {[%clk 00:04:14]} {[%emt 00:00:24]} Rf7 {[%clk
00:06:41]} {[%emt 00:00:03]} 42. Rb1 {[%clk 00:04:11]} {[%emt 00:00:13]} Bf8
{[%clk 00:06:47]} {[%emt 00:00:03]} 43. Na4 {[%clk 00:03:58]} {[%emt 00:00:24]}
Rc7 {[%clk 00:06:31]} {[%emt 00:00:24]} 44. Rb8 {[%clk 00:03:45]} {[%emt
00:00:23]} Rf7 {[%clk 00:06:34]} {[%emt 00:00:07]} 45. Rb1 {[%clk 00:03:30]}
{[%emt 00:00:25]} Rc7 {[%clk 00:06:42]} {[%emt 00:00:03]} 46. Rb2 {[%clk
00:03:39]} Ra7 {[%clk 00:06:39]} {[%emt 00:00:13]} 47. Bxc5 {[%clk 00:02:31]}
{[%emt 00:01:17]} Rxa4 {[%clk 00:06:36]} {[%emt 00:00:14]} 48. Rb7+ {[%clk
00:02:40]} Kh8 {[%clk 00:06:32]} {[%emt 00:00:14]} 49. Rb8 {[%clk 00:02:49]}
Rxc4 {[%clk 00:05:58]} {[%emt 00:00:45]} 50. Rxf8+ {[%clk 00:00:53]} {[%emt
00:02:06]} Kh7 {[%clk 00:06:06]} {[%emt 00:00:01]} 51. Rf7+ {[%clk 00:01:02]}
{[%emt 00:00:01]} Kh8 {[%clk 00:06:15]} 52. Rf8+ {[%clk 00:01:11]} {[%emt
00:00:01]} Kh7 {[%clk 00:06:25]} 53. Be7 {[%clk 00:01:21]} {[%emt 00:00:01]}
Rc1+ {[%clk 00:05:34]} {[%emt 00:00:59]} 54. Kf2 {[%clk 00:01:30]} {[%emt
00:00:02]} Rf1+ {[%clk 00:05:41]} {[%emt 00:00:02]} 55. Ke2 {[%clk 00:01:36]}
{[%emt 00:00:03]} Rxf8 {[%clk 00:05:47]} {[%emt 00:00:05]} 56. Bxf8 {[%clk
00:01:44]} {[%emt 00:00:02]} Bc8 {[%clk 00:05:51]} {[%emt 00:00:06]} 57. Rg7+
{[%clk 00:00:46]} {[%emt 00:01:08]} Kh8 {[%clk 00:05:59]} {[%emt 00:00:02]} 58.
Rc7 {[%clk 00:00:51]} {[%emt 00:00:04]} Ba6+ {[%clk 00:06:00]} {[%emt
00:00:10]} 59. Kf3 {[%clk 00:00:57]} {[%emt 00:00:03]} Rh3+ {[%clk 00:05:58]}
{[%emt 00:00:13]} 60. Kf2 {[%clk 00:00:20]} {[%emt 00:00:47]} Kg8 {[%clk
00:06:05]} {[%emt 00:00:03]} 61. Be7 {[%clk 00:00:21]} {[%emt 00:00:09]} Rd3
{[%clk 00:05:52]} {[%emt 00:00:24]} 62. Ra7 {[%clk 00:00:15]} {[%emt 00:00:17]}
Bb5 {[%clk 00:05:57]} {[%emt 00:00:05]} 63. Rb7 {[%clk 00:00:23]} {[%emt
00:00:02]} Be8 {[%clk 00:06:01]} {[%emt 00:00:06]} 64. Bf6 {[%clk 00:00:29]}
{[%emt 00:00:04]} Bh5 {[%clk 00:05:56]} {[%emt 00:00:14]} 65. Bxe5 {[%clk
00:00:33]} {[%emt 00:00:07]} Bf3 {[%clk 00:06:05]} 66. Rb4 {[%clk 00:00:31]}
{[%emt 00:00:07]} Bxe4 {[%clk 00:06:13]} {[%emt 00:00:07]} 67. Rxe4 {[%clk
00:00:40]} {[%emt 00:00:01]} Rxd5 {[%clk 00:06:21]} {[%emt 00:00:02]} 68. Kf3
{[%clk 00:00:45]} {[%emt 00:00:04]} Kf7 {[%clk 00:06:26]} {[%emt 00:00:06]} 69.
Kf4 {[%clk 00:00:47]} {[%emt 00:00:08]} Ke6 {[%clk 00:06:32]} {[%emt 00:00:04]}
70. Ra4 {[%clk 00:00:55]} {[%emt 00:00:01]} Rb5 {[%clk 00:06:25]} {[%emt
00:00:17]} 71. Ra6+ {[%clk 00:00:53]} {[%emt 00:00:12]} Kd5 {[%clk 00:06:33]}
{[%emt 00:00:01]} 72. Kf5 {[%clk 00:00:55]} {[%emt 00:00:08]} Rb1 {[%clk
00:06:37]} {[%emt 00:00:06]} 73. Ra5+ {[%clk 00:01:00]} {[%emt 00:00:05]} Kc4
{[%clk 00:06:37]} {[%emt 00:00:10]} 74. Ra8 {[%clk 00:01:02]} {[%emt 00:00:08]}
Re1 {[%clk 00:06:35]} {[%emt 00:00:11]} 75. Ke6 {[%clk 00:01:06]} {[%emt
00:00:07]} Rd1 {[%clk 00:06:23]} {[%emt 00:00:22]} 76. Rc8+ {[%clk 00:00:56]}
{[%emt 00:00:20]} Kd3 {[%clk 00:06:31]} 77. Rd8+ {[%clk 00:00:48]} {[%emt
00:00:20]} Ke2 {[%clk 00:06:39]} 78. Ra8 {[%clk 00:00:56]} {[%emt 00:00:02]}
Kd3 {[%clk 00:06:46]} {[%emt 00:00:03]} 79. Ra4 {[%clk 00:01:00]} {[%emt
00:00:07]} Ke3 {[%clk 00:06:47]} {[%emt 00:00:08]} 80. Bf4+ {[%clk 00:01:09]}
{[%emt 00:00:02]} Kd3 {[%clk 00:06:45]} {[%emt 00:00:13]} 81. Kd5 {[%clk
00:01:17]} {[%emt 00:00:02]} Kc3+ {[%clk 00:06:47]} {[%emt 00:00:07]} 82. Kc5
{[%clk 00:01:26]} {[%emt 00:00:02]} Kd3 {[%clk 00:06:53]} {[%emt 00:00:04]} 83.
Be5 {[%clk 00:01:14]} {[%emt 00:00:21]} Ke3 {[%clk 00:06:59]} {[%emt 00:00:05]}
84. Bd4+ {[%clk 00:01:21]} {[%emt 00:00:04]} Ke4 {[%clk 00:07:05]} {[%emt
00:00:03]} 85. Bc3+ {[%clk 00:00:41]} {[%emt 00:00:50]} Kf5 {[%clk 00:07:05]}
{[%emt 00:00:10]} 86. Ra8 {[%emt 00:00:11]} Rd7 {[%clk 00:07:07]} 87. Bd4
{[%clk 00:00:52]} {[%emt 00:00:08]} Ke6 {[%clk 00:07:11]} {[%emt 00:00:06]} 88.
Ra6+ {[%clk 00:00:53]} {[%emt 00:00:09]} Kf5 {[%clk 00:07:17]} {[%emt
00:00:03]} 89. Rf6 {[%clk 00:00:57]} {[%emt 00:00:04]} Ke4 {[%clk 00:07:24]}
{[%emt 00:00:04]} 90. Re6+ {[%clk 00:01:06]} {[%emt 00:00:02]} Kf5 {[%clk
00:07:31]} {[%emt 00:00:02]} 91. Re8 {[%clk 00:01:12]} {[%emt 00:00:03]} Kf4
{[%clk 00:07:37]} {[%emt 00:00:05]} 92. Kc4 {[%clk 00:01:12]} {[%emt 00:00:11]}
Kf5 {[%clk 00:07:40]} {[%emt 00:00:06]} 93. Re5+ {[%clk 00:01:17]} {[%emt
00:00:05]} Kf6 {[%clk 00:07:20]} {[%emt 00:00:29]} 94. Kc5 {[%clk 00:01:07]}
{[%emt 00:00:20]} Re7 {[%clk 00:07:17]} {[%emt 00:00:12]} 95. Re1+ {[%clk
00:01:14]} {[%emt 00:00:02]} Kf7 {[%clk 00:07:25]} {[%emt 00:00:03]} 96. Rf1+
{[%clk 00:01:23]} {[%emt 00:00:02]} Kg6 {[%clk 00:07:27]} {[%emt 00:00:07]} 97.
Kd6 {[%clk 00:01:28]} {[%emt 00:00:04]} Rf7 {[%clk 00:07:34]} {[%emt 00:00:04]}
98. Re1 {[%clk 00:01:16]} {[%emt 00:00:21]} Kf5 {[%clk 00:07:42]} {[%emt
00:00:03]} 99. Bc5 {[%clk 00:01:23]} {[%emt 00:00:04]} Kg6 {[%clk 00:07:46]}
{[%emt 00:00:06]} 100. Rg1 {[%clk 00:01:11]} {[%emt 00:00:22]} Kf5 {[%clk
00:07:54]} 101. Kd5 {[%clk 00:01:20]} {[%emt 00:00:02]} Rf6 {[%clk 00:07:57]}
{[%emt 00:00:06]} 102. Be7 {[%clk 00:00:56]} {[%emt 00:00:34]} Ra6 {[%clk
00:07:18]} {[%emt 00:00:49]} 103. Rf1 {[%clk 00:01:04]} {[%emt 00:00:03]} Kg4
{[%clk 00:07:22]} {[%emt 00:00:05]} 104. Bd6 {[%clk 00:01:08]} {[%emt
00:00:06]} Ra4 {[%clk 00:07:17]} {[%emt 00:00:14]} 105. Be5 {[%clk 00:00:55]}
{[%emt 00:00:25]} Kg5 {[%clk 00:07:18]} {[%emt 00:00:10]} 106. Bd4 {[%clk
00:00:37]} {[%emt 00:00:27]} Ra5+ {[%clk 00:07:22]} {[%emt 00:00:05]} 107. Ke4
{[%clk 00:00:45]} {[%emt 00:00:03]} Ra4 {[%clk 00:06:45]} {[%emt 00:00:46]} 108.
Rg1+ {[%clk 00:00:52]} {[%emt 00:00:03]} Kh4 {[%clk 00:06:54]} {[%emt
00:00:01]} 109. Rg8 {[%clk 00:00:51]} {[%emt 00:00:11]} Rb4 {[%clk 00:06:55]}
{[%emt 00:00:08]} 110. Ke5 {[%clk 00:00:21]} {[%emt 00:00:40]} Kh3 {[%clk
00:07:03]} {[%emt 00:00:02]} 111. Rg7 {[%clk 00:00:23]} {[%emt 00:00:08]} Ra4
{[%clk 00:07:11]} {[%emt 00:00:02]} 112. Ke4 {[%clk 00:00:30]} {[%emt
00:00:04]} Kh4 {[%clk 00:07:19]} {[%emt 00:00:01]} 113. Rg8 {[%clk 00:00:29]}
{[%emt 00:00:12]} Rb4 {[%clk 00:07:23]} {[%emt 00:00:06]} 114. Ke5 {[%clk
00:00:35]} {[%emt 00:00:04]} Kh3 {[%clk 00:07:30]} {[%emt 00:00:02]} 115. Bf2
{[%clk 00:00:36]} {[%emt 00:00:09]} Rg4 {[%clk 00:07:38]} {[%emt 00:00:02]} 116.
Rf8 {[%clk 00:00:40]} {[%emt 00:00:06]} Kg2 {[%clk 00:07:45]} {[%emt 00:00:04]}
117. Bd4 {[%clk 00:00:45]} {[%emt 00:00:04]} Rg3 {[%clk 00:07:36]} {[%emt
00:00:20]} 118. Ke4 {[%clk 00:00:48]} {[%emt 00:00:08]} Rg4+ {[%clk 00:07:42]}
{[%emt 00:00:03]} 119. Ke3 {[%clk 00:00:56]} {[%emt 00:00:02]} Rg3+ {[%clk
00:07:48]} {[%emt 00:00:04]} 120. Ke2 {[%clk 00:01:05]} {[%emt 00:00:01]} Rg4
{[%clk 00:07:56]} {[%emt 00:00:02]} 121. Be3 {[%clk 00:01:03]} {[%emt
00:00:11]} Rg3 {[%clk 00:06:58]} {[%emt 00:01:09]} 122. Bf4 {[%clk 00:00:53]}
{[%emt 00:00:22]} Rg4 {[%clk 00:06:55]} {[%emt 00:00:12]} 123. Ke3 {[%clk
00:00:53]} {[%emt 00:00:10]} Rg6 {[%clk 00:06:55]} {[%emt 00:00:09]} 124. Rf5
{[%clk 00:01:02]} {[%emt 00:00:02]} Rg8 {[%clk 00:06:31]} {[%emt 00:00:33]} 125.
Ra5 {[%clk 00:01:08]} {[%emt 00:00:04]} Re8+ {[%clk 00:06:28]} {[%emt
00:00:14]} 126. Be5 {[%clk 00:01:17]} {[%emt 00:00:01]} Rf8 {[%clk 00:06:33]}
{[%emt 00:00:05]} 127. Ra2+ {[%clk 00:01:10]} {[%emt 00:00:17]} Kh3 {[%clk
00:06:40]} {[%emt 00:00:02]} 128. Ra7 {[%clk 00:01:18]} {[%emt 00:00:02]} Kg4
{[%clk 00:06:39]} {[%emt 00:00:10]} 129. Ke4 {[%clk 00:01:27]} {[%emt
00:00:01]} Rg8 {[%emt 00:00:26]} 1/2-1/2